MARC details
| 000 -LEADER |
| campo de control de longitud fija |
01226nam a2200349Ia 4500 |
| 001 - NÚMERO DE CONTROL |
| campo de control |
049646 |
| 008 - DATOS DE LONGITUD FIJA--INFORMACIÓN GENERAL |
| campo de control de longitud fija |
221003m2016 xx 000 0 spa d |
| 035 ## - NÚMERO DE CONTROL DEL SISTEMA |
| Número de control de sistema |
CENDO_39557 |
| 041 ## - CÓDIGO DE IDIOMA |
| Código de lengua del texto/banda sonora o título independiente |
spa |
| 110 ## - ENTRADA PRINCIPAL--NOMBRE DE ENTIDAD CORPORATIVA |
| Nombre de entidad corporativa o nombre de jurisdicción como elemento de entrada |
CCOO |
| Unidad subordinada |
Confederación Sindical |
| -- |
Secretaría de Mujer e Igualdad |
| Sede del congreso/Lugar de la reunión |
Secretaría de Mujer e Igualdad |
| 9 (RLIN) |
41222 |
| 245 #0 - MENCIÓN DEL TÍTULO |
| Título |
28 septiembre : |
| Resto del título |
Día Mundial por el Acceso al Aborto Legal y Seguro : por los derechos sexuales y reproductivos / |
| Mención de responsabilidad, etc. |
Secretaría Confederal de la Mujer |
| 260 ## - PUBLICACIÓN, DISTRIBUCIÓN, ETC. |
| Lugar de publicación, distribución, etc. |
[Madrid] : |
| Nombre del editor, distribuidor, etc. |
Secretaría Confederal de la Mujer de CCOO, |
| Fecha de publicación, distribución, etc. |
[2016] |
| 300 ## - DESCRIPCIÓN FÍSICA |
| Extensión |
2 p. ; |
| Dimensiones |
30 cm |
| 650 ## - PUNTO DE ACCESO ADICIONAL DE MATERIA--TÉRMINO DE MATERIA |
| Término de materia o nombre geográfico como elemento de entrada |
MUJERES |
| 9 (RLIN) |
199 |
| 650 #0 - PUNTO DE ACCESO ADICIONAL DE MATERIA--TÉRMINO DE MATERIA |
| Término de materia o nombre geográfico como elemento de entrada |
ABORTO |
| 9 (RLIN) |
4300 |
| 650 #0 - PUNTO DE ACCESO ADICIONAL DE MATERIA--TÉRMINO DE MATERIA |
| Término de materia o nombre geográfico como elemento de entrada |
DIA MUNDIAL POR EL ACCESO AL ABORTO LEGAL Y SEGURO |
| 9 (RLIN) |
39824 |
| 650 ## - PUNTO DE ACCESO ADICIONAL DE MATERIA--TÉRMINO DE MATERIA |
| Término de materia o nombre geográfico como elemento de entrada |
DERECHOS DE LA MUJER |
| 9 (RLIN) |
392 |
| 650 ## - PUNTO DE ACCESO ADICIONAL DE MATERIA--TÉRMINO DE MATERIA |
| Término de materia o nombre geográfico como elemento de entrada |
SEXUALIDAD |
| 9 (RLIN) |
10298 |
| 650 ## - PUNTO DE ACCESO ADICIONAL DE MATERIA--TÉRMINO DE MATERIA |
| Término de materia o nombre geográfico como elemento de entrada |
REPRODUCCION |
| 9 (RLIN) |
2949 |
| 650 ## - PUNTO DE ACCESO ADICIONAL DE MATERIA--TÉRMINO DE MATERIA |
| Término de materia o nombre geográfico como elemento de entrada |
AMERICA LATINA |
| 9 (RLIN) |
1230 |
| 650 ## - PUNTO DE ACCESO ADICIONAL DE MATERIA--TÉRMINO DE MATERIA |
| Término de materia o nombre geográfico como elemento de entrada |
DERECHOS HUMANOS |
| 9 (RLIN) |
2569 |
| 650 #0 - PUNTO DE ACCESO ADICIONAL DE MATERIA--TÉRMINO DE MATERIA |
| Término de materia o nombre geográfico como elemento de entrada |
ASISTENCIA MEDICA |
| 9 (RLIN) |
556 |
| 650 #0 - PUNTO DE ACCESO ADICIONAL DE MATERIA--TÉRMINO DE MATERIA |
| Término de materia o nombre geográfico como elemento de entrada |
ACTITUD SINDICAL |
| 9 (RLIN) |
61 |
| 650 #0 - PUNTO DE ACCESO ADICIONAL DE MATERIA--TÉRMINO DE MATERIA |
| Término de materia o nombre geográfico como elemento de entrada |
MOVIMIENTO FEMINISTA |
| 9 (RLIN) |
4309 |
| 856 ## - LOCALIZACIÓN Y ACCESO ELECTRÓNICOS |
| Nota pública |
PDF |
| Identificador Uniforme de Recursos |
<a href="http://docpublicos.ccoo.es/cendoc/049646VeintiochoSeptiembre.pdf">http://docpublicos.ccoo.es/cendoc/049646VeintiochoSeptiembre.pdf</a> |
| 901 ## - ELEMENTOS DE DATOS A LOCAL LDA (RLIN) |
| a |
2 |
| 903 ## - ELEMENTOS DE DATOS C LOCAL, LDC (RLIN) |
| a |
NO |
| 904 ## - ELEMENTOS DE DATOS D LOCAL, LDD (RLIN) |
| a |
000 |
| 910 ## - DATOS DE OPCIÓN DEL USUARIO (OCLC) |
| Datos de opción del usuario |
2016 |
| 942 ## - ELEMENTOS DE ENTRADA SECUNDARIOS (KOHA) |
| Tipo de ítem Koha |
Documento Electrónico |
| Fuente del sistema de clasificación o colocación |
Clasificación Decimal Dewey |